Slovensko 2013 ako poznatková ekonomika? (regionálna dimenzia)

Úloha poznatkov a vedomostí v regionálnom rozvoji a ich výskum. Podstata poznatkov a dimenzie poznávacieho procesu. Technologická dimenzia poznávacieho procesu. Inštitucionálna (sociálna) organizačná dimenzia. Regionálna dimenzia. Regionálna ekonomika a poznatky. Priestorová koncentrácia inovačného...

Ausführliche Beschreibung

Gespeichert in:
Bibliographische Detailangaben
1. Verfasser: Buček, Milan
Format: Buchkapitel
Sprache:Slowakisch
Schlagworte:
Tags: Tag hinzufügen
Keine Tags, Fügen Sie das erste Tag hinzu!

MARC

LEADER 00000naa$a2200000$$$4500
001 0053985
005 20240502071626.6
041 0 |a slo 
044 |a SK 
245 1 0 |a Slovensko 2013 ako poznatková ekonomika?  |b (regionálna dimenzia)  |c Milan Buček 
520 |a Úloha poznatkov a vedomostí v regionálnom rozvoji a ich výskum. Podstata poznatkov a dimenzie poznávacieho procesu. Technologická dimenzia poznávacieho procesu. Inštitucionálna (sociálna) organizačná dimenzia. Regionálna dimenzia. Regionálna ekonomika a poznatky. Priestorová koncentrácia inovačného procesu v podmienkach Slovenskej republiky. Štruktúra regionálneho rozvoja SR: centrá a ich zázemie. 
610 2 0 |a rozvoj regionálny 
610 2 0 |a rast hospodársky 
610 2 0 |a ekonomika vedomostná 
610 2 0 |a sily pracovné 
610 2 0 |a vzdelanie 
610 2 0 |a kooperácia 
610 2 0 |a inovácia 
100 1 |a Buček, Milan